书目信息 |
| 题名: |
医学科研方法与论文写作
|
|
| 作者: | 殷国荣 王斌权 杨建一 | |
| 分册: | ||
| 出版信息: | 北京 科学出版社 2002 |
|
| 页数: | 395 | |
| 开本: | 26cm | |
| 丛书名: | ||
| 单 册: | ||
| 中图分类: | R-33 | |
| 科图分类: | ||
| 主题词: | 实验医学 | |
| 电子资源: | ||
| ISBN: | 7-03-009714-9 | |
| 000 | 00599nam0 2200181 450 | |
| 001 | 0741144344 | |
| 005 | 20070817112544.34 | |
| 010 | @a7-03-009714-9@d¥45.00 | |
| 100 | @a20070817d km y0chiy0120 ea | |
| 101 | 0 | @achi |
| 200 | 1 | @a医学科研方法与论文写作@Ayi xue ke yan fang fa yu lun wen xie zuo@f殷国荣 王斌权 杨建一@Fyin guo rong wang bin quan yang jian yi |
| 210 | @a北京@c科学出版社@d2002 | |
| 215 | @a395@d26cm | |
| 606 | 0 | @a实验医学 |
| 690 | @aR-33@v3 | |
| 701 | 0 | @a殷国荣 王斌权 杨建一@Ayin guo rong wang bin quan yang jian yi |
| 801 | 0 | @aCN@bPFT@c20070817 |
| 905 | @a213230@dR-33@en1@f1 | |
| 医学科研方法与论文写作/殷国荣 王斌权 杨建一.-北京:科学出版社,2002 |
| 395;26cm |
| ISBN 7-03-009714-9:¥45.00 |
| ● |
| 相关链接 |
|
|
|
|
正题名:医学科研方法与论文写作
索取号:R-33/n1
 
预约/预借
| 序号 | 登录号 | 条形码 | 馆藏地/架位号 | 状态 | 备注 |
| 1 | 6601197 | 266011978 | 生命科学系资料室/ [索取号:R-33/n1] | 在馆 |